000
00204 a2200085 4500
020
_a
9788193053775
100
_a
PURBIA, MAMTA
245
_a
MEWAR KI LOK SANSKRITI
260
_b
RENA BOOK CENTRE, UDAIPUR
_c
2021
999
_c
218453
_d
218453